| 000 | 00566nam a2200181Ia 4500 | ||
|---|---|---|---|
| 005 | 20240530014353.0 | ||
| 008 | 240331s9999 xx 000 0 und d | ||
| 020 | _a9559102133 | ||
| 082 |
_bSHA _a338.9 |
||
| 100 | _aShnmugaratnam, N | ||
| 245 | 0 |
_aPrivatisation of tea plantations _bThe Challenge of reforming production Relations in Sri Lanka : An Institutional Historical Perspective _cN. Shanmugaratnam |
|
| 260 |
_aColombo _bSocial Sciences Association _c1997 |
||
| 300 | _a52 p ., | ||
| 650 | _aHistory | ||
| 650 | _aEconomy | ||
| 650 | _aSocial | ||
| 942 | _cL | ||
| 999 |
_c2796 _d2796 |
||